Visualizzazione normale
Vista MARC
- VALZER [DISCHI]
di Topical Term
Records bibliografici associati: 1
001 - CONTROL NUMBER
- control field: 5720
003 - CONTROL NUMBER IDENTIFIER
- control field: IT-RoPau
005 - DATE AND TIME OF LATEST TRANSACTION
- control field: 20131217092825.0
008 - FIXED-LENGTH DATA ELEMENTS
- fixed length control field: 131217|| aca||aabn | a|a d
040 ## - CATALOGING SOURCE
- Original cataloging agency: IT-RoPau
- Transcribing agency: IT-RoPau
150 ## - HEADING--TOPICAL TERM
- Topical term or geographic name entry element: VALZER [DISCHI]
- : Codice MATERIA SPICS: 9950
670 ## - SOURCE DATA FOUND
- Source citation: Work cat.: (IT-RoPau)103126: Strauss Johann Jr. 5717, Vienna Imperial-New Year's Concert 1970 (Lp Sxl 6419)